| 000 | 00505nam a2200181Ia 4500 | ||
|---|---|---|---|
| 999 |
_c21140 _d21140 |
||
| 003 | OSt | ||
| 005 | 20201109115420.0 | ||
| 008 | 190216s9999||||xx |||||||||||||| ||und|| | ||
| 020 | _a8171693083 | ||
| 040 | _coclc | ||
| 082 |
_a376.941 _bSHA/W |
||
| 100 |
_aSharma, B M _96346 |
||
| 245 | 0 |
_aWomen And Education / _cB M Sharma |
|
| 260 |
_bCommon Wealth Publishers, _aNew Delhi: _c2007. |
||
| 300 | _a312p | ||
| 650 | _aHistory | ||
| 942 |
_cBK _2ddc _h376.941 _iSHA/W _k376.941 _mSHA/W |
||